00638nam a2200205Ia 4500001000900000003000500009005001700014008004100031010001100072040000900083082002100092110005200113245008600165260003400251300001000285500004000295503000800335650003700343650005200380dia_3376CHAP20251023153728.0220117s1976 xx 000 0 und d a173843 cCHAP aC 338.1 E53 1976 aE. N. A. Departamento de Industrias Agrícolas aInforme Anual de Actividades 1976 /c por Departamento de Industrias Agrícolas aMéxico :b E. N. A.,c1976 a54 p. aLos ejemplares 2 y 3 fueron donados aC/e aEducación agrícolaxMéxico aIndustrias agrícolasxEstudio y enseñanza